Professional English in use: Engineering. Technical English for professionals

Guardat en:
Dades bibliogràfiques
Autor principal: Ibbotson, Mark (Autor)
Format: Llibre
Idioma:anglès
Publicat: Cambridge Cambridge University Press 2009
Matèries:
Etiquetes: Afegir etiqueta
Sense etiquetes, Sigues el primer a etiquetar aquest registre!

MARC

LEADER 00000cam a2200000 a 4500
001 UCG8543
003 CL-VaPUC
008 111216e20090000UK |||||||||||||||||eng|d
020 |a 9780521734882 
082 0 4 |a 428  |b IBB  |2 21 
100 |a Ibbotson, Mark  |e author  |9 560562 
245 1 0 |a Professional English in use: Engineering. Technical English for professionals 
300 |a 144 p 
942 |c BK 
945 |d 20111216 00:00:00  |a dcastane 
260 |a Cambridge  |b Cambridge University Press  |c 2009 
650 0 |a Educación lingüística  |9 306506 
650 0 |a Enseñanza del inglés  |9 367340 
650 0 |a Inglés técnico  |9 326365 
650 0 |a Métodos de enseñanza  |9 270413 
650 0 |a Ingeniería   |9 259380 
583 |a last modification  |c 20111216 11:30:00  |k Rodrigo Vera 
999 |c 346150  |d 346148 
952 |0 0  |1 0  |4 0  |6 428_000000000000000_IBB_2009  |7 0  |8 ?  |9 446728  |a FDOILP  |b FDOILP  |d 2019-11-22  |i 4815831  |o 428 IBB 2009  |p 4815831  |r 2019-11-22  |w 2019-11-22  |y BK  |k ILP